Diccionario histórico de la Compañía de Jesús (Record no. 99077)

MARC details
000 -LEADER
campo de control de longitud fija 00976nam a2200253 i 4500
001 - NÚMERO DE CONTROL
campo de control 99077
003 - IDENTIFICADOR DE NÚMERO DE CONTROL
campo de control ES-MaACL
005 - FECHA Y HORA DE LA ÚLTIMA TRANSACCIÓN
campo de control 20230906182432.0
007 - CAMPO FIJO DE DESCRIPCIÓN FÍSICA--INFORMACIÓN GENERAL
campo de control de longitud fija t|
008 - DATOS DE LONGITUD FIJA--INFORMACIÓN GENERAL
campo de control de longitud fija 051118s2001 sp d ||||1|cspa d
020 ## - NÚMERO INTERNACIONAL ESTÁNDAR DEL LIBRO
Número Internacional Estándar del Libro 84-8468-036-3
080 ## - NÚMERO DE LA CLASIFICACIÓN DECIMAL UNIVERSAL
Número de la Clasificación Decimal Universal 271.5(091)(038)
080 ## - NÚMERO DE LA CLASIFICACIÓN DECIMAL UNIVERSAL
Número de la Clasificación Decimal Universal 929(100):271.5(038)
245 00 - MENCIÓN DEL TÍTULO
Título Diccionario histórico de la Compañía de Jesús
Resto del título : biográfico-temático /
Mención de responsabilidad, etc. Charles E. O'Neill, Joaquín Mª Domínguez (directores).
260 ## - PUBLICACIÓN, DISTRIBUCIÓN, ETC.
Lugar de publicación, distribución, etc. Madrid :
Nombre del editor, distribuidor, etc. Universidad Pontificia Comillas,
Fecha de publicación, distribución, etc. 2001.
300 ## - DESCRIPCIÓN FÍSICA
Extensión 4 v. (4110 p.) ;
Dimensiones 31 cm.
500 ## - NOTA GENERAL
Nota general En la port.: Institutum Historicum.
505 8# - NOTA DE CONTENIDO CON FORMATO
Nota de contenido con formato 1. AA-Costa Rica -- 2. Costa Rossetti-Industrias -- 3. Infante de Santiago-Piatkiewicz -- Piatti-Zwaans
610 27 - PUNTO DE ACCESO ADICIONAL DE MATERIA--NOMBRE DE ENTIDAD CORPORATIVA
Nombre de entidad corporativa o nombre de jurisdicción como elemento de entrada Jesuitas-
Subdivisión general Historia-
Subdivisión de forma Diccionarios.
9 (RLIN) 5354
610 27 - PUNTO DE ACCESO ADICIONAL DE MATERIA--NOMBRE DE ENTIDAD CORPORATIVA
Nombre de entidad corporativa o nombre de jurisdicción como elemento de entrada Jesuitas-
Subdivisión general Biografías-
Subdivisión de forma Diccionarios.
9 (RLIN) 5349
700 1# - ENTRADA AGREGADA--NOMBRE PERSONAL
Nombre de persona O'Neill, Charles E.
9 (RLIN) 86350
700 1# - ENTRADA AGREGADA--NOMBRE PERSONAL
Nombre de persona Domínguez, Joaquín María.
9 (RLIN) 45165
852 ## - LOCALIZACIÓN
Ubicación ES-MaACL
Número de control de estantería L-29274-77
Holdings
Estatus retirado Estado de pérdida Estado de daño No para préstamo Colección Biblioteca de origen Biblioteca actual Ubicación en estantería Fecha de adquisición Fuente de adquisición Total de préstamos Signatura topográfica completa Código de barras Visto por última vez Precio de reemplazo Tipo de ítem Koha
        Colección de referencia Biblioteca del Ateneo de Madrid Biblioteca del Ateneo de Madrid Depósito 2 17/01/2008     L-29274-77 1103439 23/02/2023 23/02/2023 Libro impreso